Relation d'un voyage a Levant : (Record no. 166580)
[ view plain ]
| 000 -LEADER | |
|---|---|
| campo de control de longitud fija | 00840nam a2200193 i 4500 |
| 001 - NÚMERO DE CONTROL | |
| campo de control | 166580 |
| 003 - IDENTIFICADOR DE NÚMERO DE CONTROL | |
| campo de control | ES-MaACL |
| 005 - FECHA Y HORA DE LA ÚLTIMA TRANSACCIÓN | |
| campo de control | 20230906213348.0 |
| 008 - DATOS DE LONGITUD FIJA--INFORMACIÓN GENERAL | |
| campo de control de longitud fija | 931025s1727 fr a |||| | fre d |
| 100 1# - ENTRADA PRINCIPAL--NOMBRE DE PERSONA | |
| Nombre de persona | Tournefort, Joseph Pitton de. |
| 9 (RLIN) | 111143 |
| 245 10 - MENCIÓN DEL TÍTULO | |
| Título | Relation d'un voyage a Levant : |
| Resto del título | fait par ordre du roy... / |
| Mención de responsabilidad, etc. | par M. Pitton de Tournefort... ; tome second. |
| 260 ## - PUBLICACIÓN, DISTRIBUCIÓN, ETC. | |
| Lugar de publicación, distribución, etc. | A Lyon : |
| Nombre del editor, distribuidor, etc. | chez les freres Bruyset..., |
| Fecha de publicación, distribución, etc. | 1727. |
| 300 ## - DESCRIPCIÓN FÍSICA | |
| Extensión | [4], 448 p., [37] h. de lám., [2] h. de lám. pleg. ; |
| Dimensiones | 8º. |
| 597 ## - NOTA DE DESCRIPCIÓN FÍSICA | |
| NOTA DE DESCRIPCIÓN FÍSICA | Sign.: [ ]2, A-Z8, 2A-2E8. |
| 599 ## - NOTA A LAS ILUSTRACIONES | |
| NOTA A LAS ILUSTRACIONES | Lám.: grab. calc. |
| 651 ## - PUNTO DE ACCESO ADICIONAL DE MATERIA--NOMBRE GEOGRÁFICO | |
| Nombre geográfico | Grecia- |
| Subdivisión general | Descripción. |
| 9 (RLIN) | 8776 |
| 651 ## - PUNTO DE ACCESO ADICIONAL DE MATERIA--NOMBRE GEOGRÁFICO | |
| Nombre geográfico | Turquía- |
| Subdivisión general | Descripción. |
| 9 (RLIN) | 150889 |
| 852 4# - LOCALIZACIÓN | |
| Ubicación | ES-MaACL |
| Número de control de estantería | R-1447-49 |
| Encuadernación | Olim: G-13684-86 |
| Nota libre | - Enc. piel |
| -- | - Ex-libris de la Biblioteca Real |
| -- | - Ex-libris del conde de Mansilla al v. de port. |
| Estatus retirado | Estado de pérdida | Estado de daño | No para préstamo | Colección | Biblioteca de origen | Biblioteca actual | Ubicación en estantería | Fecha de adquisición | Total de préstamos | Signatura topográfica completa | Código de barras | Visto por última vez | Precio de reemplazo | Tipo de ítem Koha |
|---|---|---|---|---|---|---|---|---|---|---|---|---|---|---|
| Libros del s. XVIII | Biblioteca del Ateneo de Madrid | Biblioteca del Ateneo de Madrid | Depósito | 17/01/2008 | R-1447-49 | 1174711 | 23/02/2023 | 23/02/2023 | Libro impreso antiguo |
